[Event "21st Hoogeveen op"]
[Site "Hoogeveen NED"]
[Date "2017.10.27"]
[Round "8.5"]
[White "Gritsak, Orest"]
[Black "Wempe, Joost"]
[Result "1-0"]
[WhiteElo "2468"]
[BlackElo "2289"]
[EventDate "2017.10.21"]
[PlyCount "115"]

1.d4 e6 2.Nf3 Nf6 3.c4 Bb4+ 4.Nbd2 O-O 5.a3 Be7 6.g3 d5 7.Bg2 c5 8.dxc5 
Bxc5 9.O-O a5 10.cxd5 Qxd5 11.Nb3 Bb6 12.Qxd5 Nxd5 13.Bd2 Nc6 14.Rfd1 a4 
15.Nc1 Na5 16.Ne5 Bd4 17.Ned3 Nc4 18.Bxd5 exd5 19.Bc3 Bxc3 20.bxc3 Be6 21.
Nb4 Rac8 22.Ncd3 g5 23.Ne1 Rc5 24.Nf3 h6 25.Nd4 Na5 26.Na2 Rfc8 27.Rab1 
R8c7 28.Rb4 Rc4 29.Rdb1 Bd7 30.f3 R4c5 31.Kf2 Kg7 32.g4 f6 33.Rb6 Kf7 34.
Kg3 Bc6 35.R6b4 Bd7 36.h4 gxh4+ 37.Kxh4 Kg6 38.Rb6 Rc4 39.Rd6 R4c5 40.Rdb6
Rc4 41.Kg3 Bc8 42.Nb4 R4c5 43.Nd3 Rxc3 44.Nf4+ Kg7 45.Nfe6+ Kg6 46.Nf4+ 
Kg7 47.Nde6+ Kf7 48.Nxc7 Rxc7 49.Nxd5 Rc5 50.R6b5 Rxb5 51.Rxb5 Nc4 52.Rc5 
Nd6 53.Nb6 Be6 54.Nxa4 b5 55.Nc3 Bc4 56.e4 Ke6 57.Kf2 Kd7 58.Rh5 1-0

[Event "21st Hoogeveen op"]
[Site "Hoogeveen NED"]
[Date "2017.10.27"]
[Round "8.6"]
[White "Buckels, Valentin"]
[Black "Schoppen, Casper"]
[Result "1-0"]
[WhiteElo "2318"]
[BlackElo "2440"]
[EventDate "2017.10.21"]
[PlyCount "45"]

1.d4 Nf6 2.Nf3 e6 3.Bf4 c5 4.e3 d5 5.c3 Be7 6.Nbd2 Nbd7 7.Bd3 O-O 8.Ne5 
Re8 9.h4 Nf8 10.Qf3 Bd6 11.h5 Bxe5 12.dxe5 N6d7 13.Qg3 f6 14.Nf3 Qe7 15.
exf6 Qxf6 16.Ne5 Qe7 17.Nxd7 Nxd7 18.h6 g6 19.Bxg6 hxg6 20.Qxg6+ Kh8 21.
Bd6 Rg8 22.Qxg8+ Kxg8 23.Bxe7 1-0

[Event "21st Hoogeveen op"]
[Site "Hoogeveen NED"]
[Date "2017.10.27"]
[Round "8.7"]
[White "Heemskerk, Wim"]
[Black "Carlstedt, Jonathan"]
[Result "0-1"]
[WhiteElo "2179"]
[BlackElo "2413"]
[EventDate "2017.10.21"]
[PlyCount "92"]

1.Nf3 d5 2.g3 c6 3.Bg2 Bg4 4.c4 e6 5.O-O Nf6 6.d3 Bd6 7.Nc3 O-O 8.h3 Bh5 
9.cxd5 cxd5 10.Qb3 Nbd7 11.Be3 Nc5 12.Qd1 Rc8 13.Nb5 Bb8 14.b4 Na6 15.Qb3 
Qd7 16.a4 b6 17.Rab1 e5 18.g4 Nxg4 19.hxg4 Bxg4 20.Nh2 Be6 21.Qb2 Bh3 22.
f4 Rc6 23.fxe5 Rg6 24.Rf2 Bxg2 25.Rxg2 Qh3 26.Rxg6 Qxe3+ 27.Kh1 fxg6 28.
Qd4 Qxd4 29.Nxd4 Bxe5 30.Nhf3 Bd6 31.Nc6 Rf7 32.Kg2 h6 33.Nfd4 Nb8 34.Nxb8
Bxb8 35.Rc1 Rf8 36.Rc6 Be5 37.Nf3 Bf6 38.b5 g5 39.a5 bxa5 40.Ra6 g4 41.Nh2
h5 42.e3 Bh4 43.Rxa7 Rf2+ 44.Kg1 Rb2 45.Rxa5 Bf2+ 46.Kh1 g3 0-1

[Event "21st Hoogeveen op"]
[Site "Hoogeveen NED"]
[Date "2017.10.27"]
[Round "8.8"]
[White "Okkes, Menno"]
[Black "Colbow, Collin"]
[Result "1-0"]
[WhiteElo "2332"]
[BlackElo "1945"]
[EventDate "2017.10.21"]
[PlyCount "37"]

1.Nf3 Nf6 2.g3 d5 3.Bg2 e6 4.O-O Be7 5.d4 O-O 6.c4 c5 7.cxd5 exd5 8.dxc5 
Bxc5 9.a3 Nc6 10.b4 Bb6 11.Bb2 Be6 12.Nc3 Qe7 13.Na4 Bc7 14.Nc5 Nd8 15.Qc2
Rc8 16.Ng5 Re8 17.Bxf6 Qxf6 18.Qxh7+ Kf8 19.Ngxe6+ 1-0

[Event "21st Hoogeveen op"]
[Site "Hoogeveen NED"]
[Date "2017.10.27"]
[Round "8.9"]
[White "Sparenberg, Erik"]
[Black "Van Foreest, Lucas"]
[Result "1/2-1/2"]
[WhiteElo "2175"]
[BlackElo "2489"]
[EventDate "2017.10.21"]
[PlyCount "160"]

1.c4 e6 2.Nc3 d5 3.cxd5 exd5 4.d4 c6 5.Nf3 Bd6 6.Bg5 Qb6 7.Qd2 Ne7 8.g3 
Ng6 9.Bg2 O-O 10.O-O Nd7 11.e4 dxe4 12.Nxe4 Bb4 13.Nc3 Qa5 14.a3 Bxc3 15.
Qxc3 Qxc3 16.bxc3 Nb6 17.Nd2 Be6 18.a4 Nc4 19.Nxc4 Bxc4 20.Rfb1 Rab8 21.
Rb4 Bd5 22.Rab1 f6 23.Be3 Rf7 24.Bf1 f5 25.Re1 Re8 26.Bd2 Rxe1 27.Bxe1 f4 
28.Bd3 fxg3 29.fxg3 Rd7 30.Bf2 b6 31.Rb1 Re7 32.c4 Bf7 33.a5 bxa5 34.Ra1 
Rb7 35.Rxa5 Ne7 36.Kg2 g6 37.Ra4 Nc8 38.Ra1 Nb6 39.Rb1 Rd7 40.Rc1 Be6 41.
Kf1 Rf7 42.Ke1 Bf5 43.Be2 Be6 44.Be3 Kf8 45.Kd2 Ke8 46.Kc3 Rb7 47.Ra1 Kd7 
48.Bf4 Kc8 49.Ra6 Re7 50.Ra2 Rf7 51.h4 Re7 52.Bg5 Rf7 53.Bf4 Kb7 54.Rb2 
Kc8 55.Ra2 Rb7 56.Ra6 Re7 57.Bg5 Rd7 58.Bf4 Kb7 59.Ra2 Rd8 60.Rb2 Ka8 61.
Ra2 Rc8 62.Ra1 Re8 63.Bf3 Rc8 64.Be2 Kb7 65.Rb1 Bf5 66.Rb2 Ka8 67.Ra2 Be4 
68.Bg4 Bf5 69.Bf3 Be6 70.Be2 Bh3 71.Ra1 Bd7 72.Bf3 Be6 73.Be2 Re8 74.Bf3 
Rc8 75.Be2 h5 76.Ra5 Bf7 77.Ra1 Bg8 78.Bd3 Bf7 79.Be2 Kb7 80.Rb1 Ka8 
1/2-1/2

[Event "21st Hoogeveen op"]
[Site "Hoogeveen NED"]
[Date "2017.10.27"]
[Round "8.10"]
[White "Jonkman, Harmen"]
[Black "De Boer, Eelke"]
[Result "0-1"]
[WhiteElo "2410"]
[BlackElo "2301"]
[EventDate "2017.10.21"]
[PlyCount "112"]

1.e4 c5 2.Nf3 d6 3.c3 Nf6 4.Bd3 Bg4 5.Bc2 Nc6 6.d3 e6 7.Nbd2 d5 8.Qe2 Be7 
9.h3 Bh5 10.Nf1 O-O 11.g4 Bg6 12.Ng3 Rc8 13.Bf4 b5 14.e5 Nd7 15.h4 c4 16.
dxc4 bxc4 17.Bxg6 fxg6 18.Bg5 Bxg5 19.Nxg5 Nc5 20.O-O-O h6 21.Nh3 Rb8 22.
g5 Qa5 23.a3 Na4 24.Rd2 Nxc3 25.Qg4 Kh7 26.gxh6 Nxe5 27.Qd4 Na2+ 28.Kd1 c3
29.Qxe5 Qa4+ 30.Ke2 Qc4+ 31.Ke3 Kxh6 32.Rd4 Qb3 33.Nf4 cxb2+ 34.Nd3 b1=Q 
35.Rxb1 Qxb1 36.h5 Qd1 37.f4 Qg4 38.Kf2 Rbc8 39.Kg2 Rc2+ 40.Nf2 Rf5 41.Qb8
gxh5 42.Qh8+ Kg6 43.Qg8 Rxf4 44.Qe8+ Kh7 45.Rxf4 Qxf4 46.Qxh5+ Kg8 47.Qe8+
Qf8 48.Qxe6+ Qf7 49.Qe3 Nc3 50.Qc5 Qxf2+ 51.Qxf2 Rxf2+ 52.Kxf2 Ne4+ 53.
Nxe4 dxe4 54.Ke3 Kf7 55.Kxe4 Ke6 56.Kf4 Kd5 0-1

[Event "21st Hoogeveen op"]
[Site "Hoogeveen NED"]
[Date "2017.10.27"]
[Round "8.11"]
[White "Maris, Ivo"]
[Black "Weihrauch, Jakob"]
[Result "1-0"]
[WhiteElo "2340"]
[BlackElo "1901"]
[EventDate "2017.10.21"]
[PlyCount "61"]

1.e4 c5 2.Nf3 d6 3.d4 cxd4 4.Nxd4 Nf6 5.Nc3 a6 6.Be3 e5 7.Nde2 Be7 8.Ng3 
Be6 9.h3 O-O 10.Qf3 d5 11.exd5 Bxd5 12.Nxd5 Qxd5 13.Nf5 Qa5+ 14.c3 Qc7 15.
Bh6 Ne8 16.Qg4 Bf6 17.Bd3 e4 18.Qxe4 Qe5 19.Bf4 Qxe4+ 20.Bxe4 Nc6 21.O-O-O
Rc8 22.Kb1 Na5 23.Rhe1 Rc4 24.Bg3 b5 25.a3 Rc8 26.Ne3 Bg5 27.Bf5 Rc6 28.
Bd7 Rg6 29.Nf5 Rf6 30.Ne7+ Kh8 31.Nd5 1-0

[Event "21st Hoogeveen op"]
[Site "Hoogeveen NED"]
[Date "2017.10.27"]
[Round "8.12"]
[White "Van Foreest, Machteld"]
[Black "Videnova, Iva"]
[Result "0-1"]
[WhiteElo "1829"]
[BlackElo "2326"]
[EventDate "2017.10.21"]
[PlyCount "96"]

1.e4 c5 2.Nf3 Nc6 3.d4 cxd4 4.Nxd4 g6 5.c4 Nf6 6.Nc3 d6 7.Be2 Nxd4 8.Qxd4 
Bg7 9.Be3 O-O 10.Qd2 a5 11.O-O a4 12.Rfd1 Qa5 13.Rac1 Be6 14.f3 Rfc8 15.b3
axb3 16.axb3 Nd7 17.Bd4 Bxd4+ 18.Qxd4 Qc5 19.Qxc5 Nxc5 20.b4 Na6 21.Nd5 
Bxd5 22.cxd5 Nxb4 23.Rxc8+ Rxc8 24.Rb1 Na2 25.Rxb7 Rc1+ 26.Bf1 Kf8 27.Kf2 
Nc3 28.Bd3 Rd1 29.Ke3 Rg1 30.Kf2 Ra1 31.Rc7 Ra3 32.Be2 f5 33.exf5 gxf5 34.
Rc8+ Kg7 35.Bd3 f4 36.Re8 Ra2+ 37.Kg1 Ra7 38.Be4 Kf6 39.Rf8+ Ke5 40.Bxh7 
Ra1+ 41.Kf2 Ra2+ 42.Kf1 Nxd5 43.Rg8 Kd4 44.h4 Ra1+ 45.Ke2 Rh1 46.Rg4 e5 
47.g3 Rh2+ 48.Ke1 Ke3 0-1

[Event "21st Hoogeveen op"]
[Site "Hoogeveen NED"]
[Date "2017.10.27"]
[Round "8.13"]
[White "Klapwijk, Bram"]
[Black "Uksini, Bardhyl"]
[Result "1-0"]
[WhiteElo "2211"]
[BlackElo "2363"]
[EventDate "2017.10.21"]
[PlyCount "59"]

1.d4 Nf6 2.c4 c5 3.d5 e6 4.Nc3 exd5 5.cxd5 d6 6.e4 g6 7.Nge2 Bg7 8.Ng3 O-O
9.Be2 a6 10.a4 Nbd7 11.O-O Re8 12.Be3 h5 13.f3 Rb8 14.Qd2 Nh7 15.Nh1 f5 
16.Nf2 Ne5 17.h3 Nf6 18.exf5 gxf5 19.Bg5 Bd7 20.f4 Nf7 21.Bxh5 Qa5 22.Bg6 
Rf8 23.Qc2 Nxg5 24.fxg5 Nh7 25.Ng4 fxg4 26.Bxh7+ Kh8 27.Qg6 g3 28.Qh5 Rf2 
29.Bf5+ Kg8 30.Bxd7 1-0

[Event "21st Hoogeveen op"]
[Site "Hoogeveen NED"]
[Date "2017.10.27"]
[Round "8.14"]
[White "Balje, Jan"]
[Black "Warakomska, Anna"]
[Result "1/2-1/2"]
[WhiteElo "2191"]
[BlackElo "2295"]
[EventDate "2017.10.21"]
[PlyCount "45"]

1.d4 Nf6 2.c4 e6 3.Nc3 Bb4 4.Qc2 d5 5.cxd5 exd5 6.Bg5 c6 7.e3 Nbd7 8.Bd3 
Be7 9.Nf3 Nf8 10.O-O Ne6 11.Bxf6 Bxf6 12.b4 a6 13.a4 g6 14.b5 axb5 15.axb5
Rxa1 16.Rxa1 c5 17.Ra8 O-O 18.dxc5 Nxc5 19.Nd4 Qd6 20.Be2 Be6 21.Rxf8+ 
Kxf8 22.Bf3 Nd7 23.Nce2 1/2-1/2

[Event "21st Hoogeveen op"]
[Site "Hoogeveen NED"]
[Date "2017.10.27"]
[Round "8.15"]
[White "Paszewski, Mateusz"]
[Black "De Graaf, Dick"]
[Result "1-0"]
[WhiteElo "2289"]
[BlackElo "2178"]
[EventDate "2017.10.21"]
[PlyCount "101"]

1.c4 Nf6 2.g3 c5 3.Bg2 Nc6 4.Nc3 g6 5.Nf3 Bg7 6.d4 cxd4 7.Nxd4 O-O 8.O-O 
Nxd4 9.Qxd4 d6 10.Qd3 Rb8 11.Be3 b6 12.Bd4 Bb7 13.Bxb7 Rxb7 14.e4 Qc8 15.
Kg2 Qc6 16.f3 a6 17.Rac1 Bh6 18.Bxf6 exf6 19.Rc2 Bg7 20.Rd1 Rd8 21.Nd5 Qe8
22.b3 Kh8 23.a4 h5 24.Nb4 Re7 25.Nd5 Rb7 26.Re2 Qc6 27.Rc2 Qe8 28.h3 Qe6 
29.Nb4 h4 30.Qd5 Qxd5 31.Rxd5 b5 32.cxb5 axb5 33.a5 Ra8 34.a6 Rb6 35.Rc7 
Kg8 36.Rd2 d5 37.Rdc2 Bf8 38.Rc8 Ra7 39.R2c7 Raxa6 40.Nxa6 Rxa6 41.exd5 
Kg7 42.gxh4 b4 43.Rc2 Ra3 44.Rd2 Ra7 45.d6 Rd7 46.Rc6 f5 47.Rb6 Kf6 48.
Rxb4 Bh6 49.Rd3 Ke5 50.Rc4 Ra7 51.f4+ 1-0

[Event "21st Hoogeveen op"]
[Site "Hoogeveen NED"]
[Date "2017.10.27"]
[Round "8.16"]
[White "Hoffman, Ron"]
[Black "Van Dael, Siem"]
[Result "1/2-1/2"]
[WhiteElo "2038"]
[BlackElo "2286"]
[EventDate "2017.10.21"]
[PlyCount "89"]

1.d4 Nf6 2.Bf4 g6 3.e3 Bg7 4.Nf3 d6 5.Be2 O-O 6.O-O Nfd7 7.h3 e5 8.Bh2 Nc6
9.c4 f5 10.Nc3 Kh8 11.Rb1 a5 12.a3 b6 13.b4 axb4 14.axb4 exd4 15.exd4 Bb7 
16.c5 dxc5 17.bxc5 f4 18.Nb5 Ba6 19.Qc1 Bxb5 20.Bxb5 Nxd4 21.Nxd4 Bxd4 22.
cxb6 Nxb6 23.Bxf4 Nd5 24.Bg5 Qd6 25.Qc6 Qe5 26.Bh6 Ne7 27.Qd7 Rfd8 28.Qg4 
Nf5 29.Bf4 Qc5 30.Rfc1 Bxf2+ 31.Kh1 Qd4 32.Bxc7 Rdc8 33.Qxd4+ Bxd4 34.g4 
Ng7 35.Bd7 Rf8 36.Rf1 Rxf1+ 37.Rxf1 h5 38.Rf4 Ra1+ 39.Kg2 Ra2+ 40.Kf3 Ra3+
41.Ke4 Bb2 42.Rf2 Ra7 43.Rc2 Bf6 44.Kd5 Bd8 45.Kd6 1/2-1/2

[Event "21st Hoogeveen op"]
[Site "Hoogeveen NED"]
[Date "2017.10.27"]
[Round "8.17"]
[White "Strating, Sybolt"]
[Black "Boer, Bas De"]
[Result "1/2-1/2"]
[WhiteElo "2262"]
[BlackElo "2120"]
[EventDate "2017.10.21"]
[PlyCount "67"]

1.d4 d5 2.c4 c6 3.Nc3 Nf6 4.e3 e6 5.Nf3 Nbd7 6.Qc2 Bd6 7.b3 O-O 8.Be2 e5 
9.cxd5 cxd5 10.Nb5 Bb4+ 11.Bd2 Bxd2+ 12.Nxd2 a6 13.dxe5 axb5 14.exf6 Qxf6 
15.O-O Ne5 16.Bxb5 Bf5 17.Qc5 Rfc8 18.Qd4 Rc2 19.a4 Bh3 20.f4 Qg6 21.Rf2 
Nf3+ 22.Nxf3 Rxf2 23.Kxf2 Qxg2+ 24.Ke1 Qxf3 25.Kd2 Rc8 26.Be2 Qg2 27.Qd3 
Bg4 28.Re1 Bf3 29.Qb5 Bxe2 30.Qxe2 Qe4 31.Qd3 Qg2+ 32.Qe2 Qe4 33.Qd3 Qg2+ 
34.Qe2 1/2-1/2

[Event "21st Hoogeveen op"]
[Site "Hoogeveen NED"]
[Date "2017.10.27"]
[Round "8.18"]
[White "Vistisen, Lars"]
[Black "O'Gorman, Tom"]
[Result "0-1"]
[WhiteElo "2073"]
[BlackElo "2240"]
[EventDate "2017.10.21"]
[PlyCount "148"]

1.e4 c5 2.Nf3 d6 3.d4 cxd4 4.Qxd4 Nc6 5.Bb5 Bd7 6.Qd3 g6 7.O-O Bg7 8.c4 
Nf6 9.Nc3 O-O 10.h3 a6 11.Bxc6 Bxc6 12.Be3 Nd7 13.Rfd1 a5 14.Nd4 a4 15.b4 
axb3 16.axb3 Nc5 17.Qc2 Qb6 18.Rab1 Qb4 19.Bd2 Qa3 20.Bc1 Qa6 21.Ndb5 Rfc8
22.Bg5 Ne6 23.Qd2 Nxg5 24.Qxg5 Bf6 25.Qe3 Qa5 26.Nd5 Bxd5 27.exd5 Qb4 28.
g4 Ra2 29.g5 Be5 30.Kg2 Rca8 31.Qd3 Qc5 32.Rd2 Bf4 33.Re2 Rxe2 34.Qxe2 
Bxg5 35.Rd1 Bf6 36.Rd3 Ra1 37.Nc3 Qa3 38.Nd1 Qc1 39.Qf3 Qc2 40.Kf1 b5 41.
cxb5 Qc5 42.Kg2 Qxb5 43.Qe4 Ra3 44.Qf3 Qb4 45.Qe3 Kg7 46.Qf3 Ra1 47.Qe3 h5
48.Qe2 Be5 49.Qe3 Kg8 50.Kf1 Kg7 51.Kg2 Rb1 52.Kf3 Qh4 53.Kg2 Qf4 54.Qxf4 
Bxf4 55.Kf3 Bg5 56.Ke4 Kf8 57.Kd4 Ke8 58.Kc4 Kd7 59.Nc3 Rc1 60.Kb5 Bh4 61.
Na4 f5 62.f3 g5 63.b4 Bf2 64.Rd2 Rf1 65.Ka6 g4 66.fxg4 fxg4 67.hxg4 hxg4 
68.b5 g3 69.b6 Ra1 70.b7 Rxa4+ 71.Kb5 Kc7 72.Kxa4 Kxb7 73.Re2 g2 74.Rxe7+ 
Kb6 0-1

[Event "21st Hoogeveen op"]
[Site "Hoogeveen NED"]
[Date "2017.10.27"]
[Round "8.19"]
[White "Pajeken, Jakob Leon"]
[Black "Nicolai, Amir"]
[Result "0-1"]
[WhiteElo "2203"]
[BlackElo "2019"]
[EventDate "2017.10.21"]
[PlyCount "90"]

1.e4 c5 2.Nf3 Nc6 3.d4 cxd4 4.Nxd4 Nf6 5.Nc3 e5 6.Ndb5 d6 7.Bg5 a6 8.Na3 
b5 9.Nd5 Be7 10.Bxf6 Bxf6 11.c3 Ne7 12.Nxf6+ gxf6 13.Be2 Bb7 14.Bf3 d5 15.
exd5 Bxd5 16.Nc2 e4 17.Be2 f5 18.Qd2 Rg8 19.Rg1 Qb6 20.Nd4 Rd8 21.a4 b4 
22.a5 Qf6 23.Qf4 Bb7 24.Rd1 Bc8 25.Qc7 Rd7 26.Qf4 bxc3 27.bxc3 Kf8 28.Rb1 
Kg7 29.Rb6 Nd5 30.Nxf5+ Kh8 31.Rxf6 Nxf4 32.Ne3 Nd3+ 33.Bxd3 Rxd3 34.Rc6 
Be6 35.Ke2 Rb8 36.Rc1 Rb2+ 37.Ke1 Rdd2 38.Nd1 Ra2 39.Ra1 Bg4 40.f3 Re2+ 
41.Kf1 exf3 42.Rxa2 fxg2+ 43.Kg1 Rxa2 44.Ne3 Bh3 45.Rd6 Re2 0-1

[Event "21st Hoogeveen op"]
[Site "Hoogeveen NED"]
[Date "2017.10.27"]
[Round "8.20"]
[White "Clemens, Adrian HP"]
[Black "Damen, Jip"]
[Result "1/2-1/2"]
[WhiteElo "2198"]
[BlackElo "2016"]
[EventDate "2017.10.21"]
[PlyCount "108"]

1.d4 g6 2.e4 Bg7 3.c4 d6 4.Nc3 Nf6 5.Nf3 O-O 6.Be2 Na6 7.O-O e5 8.d5 Nc5 
9.Qc2 a5 10.Bg5 h6 11.Be3 Nh5 12.g3 f5 13.exf5 Bxf5 14.Qd1 Qe7 15.Nd2 Bh3 
16.Re1 Nf4 17.Bg4 Bxg4 18.Qxg4 h5 19.Qd1 Nfd3 20.Rf1 Nxb2 21.Qc2 Nbd3 22.
Bxc5 Nxc5 23.Qxg6 Qf7 24.Qxf7+ Rxf7 25.Nde4 Rf3 26.Rac1 Nd3 27.Rc2 Nb4 28.
Re2 Rd3 29.Nb5 Na6 30.Rd2 Rxd2 31.Nxd2 Bh6 32.Ne4 Rf8 33.Kg2 Kf7 34.Rd1 
Kg6 35.Rd3 Bc1 36.Rc3 Bh6 37.Ra3 b6 38.Rf3 Rxf3 39.Kxf3 Kf5 40.h3 Bc1 41.
g4+ hxg4+ 42.hxg4+ Kg6 43.a4 Bf4 44.Kg2 Bc1 45.Kh3 Bf4 46.Kh4 Bc1 47.g5 
Bf4 48.Kg4 Bc1 49.Nbc3 Nb4 50.Ne2 Nd3 51.N2c3 Nb4 52.Nb5 Na6 53.Kh4 Bf4 
54.Kg4 Bc1 1/2-1/2

[Event "21st Hoogeveen op"]
[Site "Hoogeveen NED"]
[Date "2017.10.27"]
[Round "8.21"]
[White "Hopman, Pieter"]
[Black "Van der Veen, Jan"]
[Result "1-0"]
[WhiteElo "2322"]
[BlackElo "2058"]
[EventDate "2017.10.21"]
[PlyCount "65"]

1.e4 e5 2.Nf3 Nc6 3.Bb5 a6 4.Ba4 Nf6 5.O-O b5 6.Bb3 Be7 7.Re1 d6 8.c3 O-O 
9.h3 Na5 10.Bc2 c5 11.d4 Qc7 12.Nbd2 Bd7 13.Nf1 Nc4 14.b3 Nb6 15.Ne3 g6 
16.Bb2 c4 17.Ba3 Rfe8 18.Qd2 Bf8 19.dxe5 dxe5 20.Bxf8 Kxf8 21.bxc4 Nxc4 
22.Nxc4 bxc4 23.Qh6+ Kg8 24.Rad1 Bc6 25.Ng5 Rad8 26.Re3 Rxd1+ 27.Bxd1 a5 
28.Be2 Bb5 29.Rf3 Qe7 30.a4 Ba6 31.g4 Rb8 32.Qh4 Rb6 33.Nxh7 1-0

[Event "21st Hoogeveen op"]
[Site "Hoogeveen NED"]
[Date "2017.10.27"]
[Round "8.22"]
[White "Hilwerda, Jonas"]
[Black "Henseler, Jorgen"]
[Result "1/2-1/2"]
[WhiteElo "2216"]
[BlackElo "2026"]
[EventDate "2017.10.21"]
[PlyCount "48"]

1.e4 c5 2.Nf3 d6 3.d4 cxd4 4.Nxd4 Nf6 5.Nc3 a6 6.Bg5 e6 7.f4 h6 8.Bh4 Qb6 
9.Qd2 Qxb2 10.Rb1 Qa3 11.f5 Be7 12.fxe6 Bxe6 13.Nxe6 fxe6 14.Rxb7 Nbd7 15.
Bc4 Nc5 16.Rc7 Bd8 17.Rxg7 Nfxe4 18.Nxe4 Nxe4 19.Qd4 Bxh4+ 20.Ke2 d5 21.
Rg6 Nc3+ 22.Kd2 Ne4+ 23.Ke2 Nc3+ 24.Kd2 Ne4+ 1/2-1/2

[Event "21st Hoogeveen op"]
[Site "Hoogeveen NED"]
[Date "2017.10.27"]
[Round "8.23"]
[White "Kouwenhoven, Derk"]
[Black "Vroombout, Enrico"]
[Result "1/2-1/2"]
[WhiteElo "2028"]
[BlackElo "2133"]
[EventDate "2017.10.21"]
[PlyCount "126"]

1.e4 g6 2.d4 Bg7 3.Be3 d6 4.Nc3 a6 5.h4 Nf6 6.f3 Nbd7 7.Qd2 b5 8.O-O-O Bb7
9.Nh3 h6 10.g4 Nb6 11.Be2 Nfd7 12.Nf2 b4 13.Nb1 a5 14.f4 Rc8 15.h5 c5 16.
d5 Na4 17.c3 Qb6 18.Qc2 bxc3 19.bxc3 Rb8 20.Bc4 Nb2 21.Qxb2 Qxb2+ 22.Kxb2 
Ba6+ 23.Bb3 a4 24.Ka3 axb3 25.axb3 O-O 26.Rc1 Ra8 27.Kb2 Rfb8 28.Nd2 c4 
29.Ra1 cxb3 30.Ra3 Nc5 31.Bxc5 dxc5 32.Rha1 Bb7 33.Rxa8 Bxa8 34.Ra3 gxh5 
35.gxh5 f5 36.Rxb3 Rd8 37.Rb5 fxe4 38.Ndxe4 c4 39.Nd2 Rxd5 40.Rb8+ Kh7 41.
Nxc4 Rxh5 42.Nd3 Be4 43.Nce5 Rh3 44.Rd8 h5 45.Kb3 Rg3 46.Kb4 h4 47.Nf2 Bg2
48.c4 h3 49.Rd1 Bxe5 50.fxe5 Re3 51.Rd4 Rxe5 52.Rh4+ Kg6 53.Nxh3 Bxh3 54.
Rxh3 Re1 55.c5 Rb1+ 56.Kc4 Kf5 57.Re3 e5 58.c6 Rc1+ 59.Kd5 Rd1+ 60.Kc5 
Rc1+ 61.Kd6 Kf4 62.Rxe5 Rxc6+ 63.Kxc6 Kxe5 1/2-1/2

[Event "21st Hoogeveen op"]
[Site "Hoogeveen NED"]
[Date "2017.10.27"]
[Round "8.24"]
[White "Molenaar, Christiaan"]
[Black "Knight, David"]
[Result "1-0"]
[WhiteElo "2112"]
[BlackElo "1926"]
[EventDate "2017.10.21"]
[PlyCount "117"]

1.f4 g6 2.Nf3 Bg7 3.d3 d5 4.c3 Nh6 5.Qc2 Nc6 6.e4 e5 7.fxe5 Nxe5 8.Bf4 
Nxf3+ 9.gxf3 Be6 10.Qd2 Qh4+ 11.Bg3 Qe7 12.Na3 a6 13.Nc2 O-O-O 14.Nd4 dxe4
15.fxe4 Ng4 16.Nxe6 Qxe6 17.Bh3 h5 18.O-O f5 19.exf5 gxf5 20.Qf4 Qb6+ 21.
d4 Rdf8 22.Bxg4 fxg4 23.Qe4 Re8 24.Qf5+ Kb8 25.Rae1 Rxe1 26.Rxe1 h4 27.Be5
Bxe5 28.Qxe5 Qh6 29.Qe3 Qf8 30.Qe7 Qf3 31.Qe3 Qc6 32.Qe6 Qf3 33.Qe3 Rg8 
34.Qe6 Rf8 35.Qe2 Qd5 36.Qe7 Rg8 37.Qe6 Qg5 38.Qe3 Qh5 39.Qe5 Qh7 40.Qe4 
Qh6 41.Qe6 Qf8 42.Rf1 Qd8 43.Qf6 Qe8 44.Qxh4 Qe6 45.a3 g3 46.hxg3 Rg4 47.
Qd8+ Ka7 48.Qxc7 Qe3+ 49.Kg2 Qe4+ 50.Rf3 Qe2+ 51.Rf2 Qe4+ 52.Kf1 Qh1+ 53.
Ke2 Re4+ 54.Kd3 Qb1+ 55.Kc4 Qa2+ 56.Kb4 Re6 57.Qc5+ Rb6+ 58.Ka5 Qb3 59.a4 
1-0

[Event "21st Hoogeveen op"]
[Site "Hoogeveen NED"]
[Date "2017.10.27"]
[Round "8.25"]
[White "Bekedam, Tyro"]
[Black "Boer, Alef"]
[Result "1/2-1/2"]
[WhiteElo "2037"]
[BlackElo "2107"]
[EventDate "2017.10.21"]
[PlyCount "89"]

1.e4 Nf6 2.e5 Nd5 3.d4 d6 4.Nf3 dxe5 5.Nxe5 c6 6.Be2 Bf5 7.O-O Nd7 8.Nf3 
b5 9.b3 e6 10.c4 bxc4 11.bxc4 N5b6 12.Nc3 Be7 13.c5 Nd5 14.Nxd5 exd5 15.
Qa4 Qc7 16.g3 a5 17.Bf4 Qc8 18.Rfe1 O-O 19.Ne5 Nxe5 20.Bxe5 Re8 21.Bf1 Qd7
22.Re2 Bd3 23.Rb2 Bxf1 24.Rxf1 Bxc5 25.Rc1 Bb4 26.Qxc6 Qxc6 27.Rxc6 Rac8 
28.Rbc2 Rxc6 29.Rxc6 f6 30.Bd6 Re4 31.Bc5 Re1+ 32.Kg2 Rc1 33.a3 Be1 34.Rd6
Rc2 35.Rxd5 Bxf2 36.Kf3 g5 37.Bb6 Be1 38.Bxa5 Bxa5 39.Rxa5 Rxh2 40.a4 Kf7 
41.Ra8 h5 42.a5 Ra2 43.a6 Ra3+ 44.Kg2 Ra2+ 45.Kf3 1/2-1/2

[Event "21st Hoogeveen op"]
[Site "Hoogeveen NED"]
[Date "2017.10.27"]
[Round "8.26"]
[White "Taams, Sander"]
[Black "Hendriks, Richard V"]
[Result "1-0"]
[WhiteElo "1954"]
[BlackElo "2087"]
[EventDate "2017.10.21"]
[PlyCount "77"]

1.e4 e5 2.Nf3 Nc6 3.Bc4 Bc5 4.b4 Bxb4 5.c3 Ba5 6.d4 d6 7.Qb3 Qd7 8.dxe5 
Bb6 9.Nbd2 Na5 10.Qc2 Nxc4 11.Nxc4 Bc5 12.O-O Qe6 13.Ne3 Ne7 14.exd6 cxd6 
15.Nd4 Qf6 16.Nb5 O-O 17.Nc7 Rb8 18.Ncd5 Nxd5 19.Nxd5 Qh4 20.Bf4 Be6 21.
Bg3 Qg5 22.Rad1 Rbc8 23.Bf4 Qh4 24.Bg3 Qg5 25.Bf4 Qh4 26.g3 Qd8 27.Qd2 Re8
28.Rfe1 b6 29.h4 Bg4 30.Rc1 Re6 31.Kg2 h6 32.f3 Bh5 33.g4 Bxg4 34.fxg4 
Qxh4 35.Kf3 Rg6 36.Qg2 Rxg4 37.Nf6+ Qxf6 38.Qxg4 g5 39.Qxc8+ 1-0

[Event "21st Hoogeveen op"]
[Site "Hoogeveen NED"]
[Date "2017.10.27"]
[Round "8.27"]
[White "De Jong, Migchiel"]
[Black "Engel, Robert"]
[Result "1-0"]
[WhiteElo "2352"]
[BlackElo "1973"]
[EventDate "2017.10.21"]
[PlyCount "77"]

1.d4 d6 2.Nf3 g6 3.c4 Bg7 4.Nc3 Nd7 5.e4 c6 6.Be2 Qc7 7.O-O Ngf6 8.Be3 O-O
9.Rc1 e5 10.d5 Ng4 11.Bd2 f5 12.Ng5 Nb6 13.exf5 gxf5 14.Bxg4 fxg4 15.Qb3 
Kh8 16.Be3 Bf5 17.dxc6 Qxc6 18.Nd5 h6 19.Ne7 Qd7 20.Nxf5 Qxf5 21.c5 dxc5 
22.Ne6 c4 23.Nxg7 Kxg7 24.Qb5 Qe6 25.Bxb6 axb6 26.Rxc4 Rxa2 27.Qb3 Ra7 28.
Rc7+ Kf6 29.Qe3 Kg6 30.Rd1 Rf6 31.h3 gxh3 32.Qg3+ Kh5 33.Re1 e4 34.Rg7 Ra5
35.Rxe4 Ra1+ 36.Kh2 Rh1+ 37.Kxh1 hxg2+ 38.Qxg2 Qh3+ 39.Qxh3# 1-0

[Event "21st Hoogeveen op"]
[Site "Hoogeveen NED"]
[Date "2017.10.27"]
[Round "8.28"]
[White "Aan, Sikka"]
[Black "Schulze, Lara"]
[Result "1-0"]
[WhiteElo "1918"]
[BlackElo "2091"]
[EventDate "2017.10.21"]
[PlyCount "59"]

1.e4 c5 2.Nf3 d6 3.Bb5+ Nc6 4.O-O Bd7 5.Re1 Nf6 6.c3 a6 7.Bf1 e5 8.h3 g6 
9.d4 Bg7 10.dxc5 dxc5 11.a4 O-O 12.Nbd2 Ne8 13.Nc4 Qc7 14.Be3 Ne7 15.Ncxe5
Bxa4 16.Qxa4 Bxe5 17.Nxe5 Qxe5 18.Qa5 Rc8 19.f4 Qd6 20.e5 Qc6 21.g4 Ng7 
22.Bg2 Qc7 23.Red1 f6 24.Qxc7 Rxc7 25.exf6 Rxf6 26.Ra5 Ne6 27.Rd6 Nc8 28.
Rxe6 Rxe6 29.Bd5 Kf7 30.f5 1-0

[Event "21st Hoogeveen op"]
[Site "Hoogeveen NED"]
[Date "2017.10.27"]
[Round "8.29"]
[White "Pham, Khoi"]
[Black "Roebers, Jan"]
[Result "1/2-1/2"]
[WhiteElo "1859"]
[BlackElo "2086"]
[EventDate "2017.10.21"]
[PlyCount "61"]

1.e4 e5 2.Nf3 Nc6 3.Bb5 a6 4.Ba4 Nf6 5.O-O Be7 6.Re1 b5 7.Bb3 O-O 8.a4 Bb7
9.d3 d6 10.Nbd2 Re8 11.c3 Bf8 12.Nf1 h6 13.Ng3 g6 14.h3 Na5 15.Bc2 c5 16.
d4 cxd4 17.cxd4 Nc6 18.d5 Nb4 19.Bb1 bxa4 20.Rxa4 a5 21.Bd2 Qb6 22.Re3 Qb5
23.Qb3 Nfxd5 24.exd5 Bxd5 25.Qd1 Bc6 26.Raa3 a4 27.Bxb4 Qxb4 28.Ne4 Kg7 
29.Nc3 Qxb2 30.Ra2 Qb4 31.Ra1 1/2-1/2

[Event "21st Hoogeveen op"]
[Site "Hoogeveen NED"]
[Date "2017.10.27"]
[Round "8.30"]
[White "Boersma, Jan"]
[Black "Elgersma, Onno"]
[Result "0-1"]
[WhiteElo "2057"]
[BlackElo "1884"]
[EventDate "2017.10.21"]
[PlyCount "108"]

1.e4 e6 2.d4 d5 3.Nd2 Nf6 4.Bd3 c5 5.e5 Nfd7 6.c3 Nc6 7.Ngf3 cxd4 8.cxd4 
Be7 9.O-O Qb6 10.a3 a5 11.Qa4 g5 12.Nb3 g4 13.Ne1 Qc7 14.Nd2 h5 15.Nc2 Nb6
16.Qb3 Bd7 17.Re1 h4 18.Nf1 O-O-O 19.Bf4 Kb8 20.Rac1 Rdf8 21.Be2 a4 22.Qe3
Rfg8 23.Nb4 Qd8 24.Nxc6+ Bxc6 25.Rc3 Nc4 26.Qc1 Na5 27.Ne3 Nb3 28.Qd1 Qb6 
29.Nc2 Na5 30.Bc1 g3 31.hxg3 hxg3 32.fxg3 Nb3 33.Bf4 Rg7 34.Rf1 Rgh7 35.
Kf2 Na5 36.Qc1 Rh2 37.g4 R2h4 38.Ke1 Rh1 39.Kf2 Bh4+ 40.Kf3 Rxf1+ 41.Bxf1 
Be7 42.Kf2 Nb3 43.Qd1 Ka7 44.Qd3 Rh1 45.g5 Be8 46.Be3 Na5 47.Bc1 Nc4 48.
Qg3 Nxb2 49.Qf3 Bb5 50.Bxb5 Nd1+ 51.Kg3 Nxc3 52.Qxc3 Qxb5 53.Be3 Bd8 54.
Nb4 Ba5 0-1

[Event "21st Hoogeveen op"]
[Site "Hoogeveen NED"]
[Date "2017.10.27"]
[Round "8.31"]
[White "Stanetzek, Carsten"]
[Black "Kotyk, Michael"]
[Result "1-0"]
[WhiteElo "2211"]
[BlackElo "1921"]
[EventDate "2017.10.21"]
[PlyCount "79"]

1.e4 e5 2.Nf3 Nc6 3.Bb5 a6 4.Bxc6 dxc6 5.O-O Bg4 6.h3 h5 7.d3 Qf6 8.Be3 
Bxf3 9.Qxf3 Qxf3 10.gxf3 Bd6 11.Nd2 f6 12.Rfb1 g5 13.Kf1 Ne7 14.Nc4 b5 15.
Na5 Kd7 16.Ke2 c5 17.c3 Rac8 18.a4 c6 19.Nb3 Ng6 20.axb5 axb5 21.Ra7+ Rc7 
22.Rba1 Rc8 23.R7a6 Rb8 24.Nxc5+ Bxc5 25.Bxc5 Nf4+ 26.Ke3 Nxh3 27.Rd1 Nf4 
28.d4 Ke6 29.d5+ Kd7 30.dxc6+ Ke8 31.Rd6 h4 32.Rxf6 Rf7 33.Rh6 Rf8 34.c7 
Rc8 35.Bxf8 Rxc7 36.Ra8+ Kf7 37.Rh7+ Kg6 38.Rxc7 h3 39.Ra6+ Kh5 40.Rh6# 
1-0